000
00341nam a22001457a 4500
999
_c
12164
_d
12164
020
_a
978-93-5316-572-7
082
_a
621.3
100
_a
D P Kothari
245
_a
Basic Electrical Engineering
250
_a
4th Edition
260
_a
New Delhi
_b
McGraw Hill
_c
2019
300
_a
960
650
_a
Electrical Engineering
942
_c
BK